000 00588nam a2200205Ia 4500
003 GCL
008 140319s9999 xx 000 0 ara d
040 _aGCL /
_cGCL
082 0 4 _a415.1
_bع ف
100 1 _aعفاف حسانين
245 1 0 _aفى ادلة النحو /
_cعفاف حسانين
300 _a238 ص
490 _aالهيئة العامة للاستعلامات
_v0
650 0 4 _aالنحو
650 0 4 _aاللغة العربية
650 0 4 _aالصرف
650 0 4 _aفقه اللغة المقارن
650 0 4 _aالنحو المقارن
942 _2ddc
_cBK
999 _c48183
_d48183